| 000 | 00514nam a22001697a 4500 | ||
|---|---|---|---|
| 005 | 20251108163351.0 | ||
| 008 | 250721s2009 xx 000 0 ara d | ||
| 082 | 1 | 4 | _a576/مشن |
| 100 | 1 |
_aالمشني، يوسف _eمؤلف |
|
| 245 | 1 | 0 | _aمبادئ علم الأحياء الدقيقة / |
| 264 | 1 |
_aعمان : _bالمكتب الإسلامي، _c2009. |
|
| 300 | _aج.1 | ||
| 650 | 1 | 7 | _aعلم الاحياا |
| 650 | 1 | 7 | _aعلم احياا الكاانات الدقيقه |
| 942 |
_2ddc _cBK |
||
| 999 |
_c897 _d897 |
||